• 首页
  • 本馆介绍
  • 公告通知
  • 最新文献
  • 馆藏检索
  • 电子资源
  • 读者导购
  • 参考咨询
  • 我的图书馆
  • 登录
  • 详细信息显示
  • 放入我的书架
  • 预约/预借图书
  • 作者相关作品
  • 分类相关作品
  • 丛书相关作品
  • 出版社相关作品

书目信息

  • 表格格式
  • 工作单格式
  • 卡片格式
题名:
西方后现代绘画
    
 
作者: 孔新苗 编著
分册:  
出版信息: 济南   山东美术出版社  1997
页数: 104页
开本: 29cm
丛书名:
单 册:
中图分类: J209.1
科图分类:
主题词: 后现代主义--绘画--美术批评--世界
电子资源:
ISBN: 7-5330-1041-8
000 00939nam0 2200253 450
000 00969nam0 2200265 450
000 00900nam0 2200241 450
000 00863nam0 2200229 45
005 20070528174329.15
010    @a7-5330-1041-8@dCNY52.00
100    @a20051102d1997 ekmy0chiy0120 ea
101 0  @achi
102    @aCN@b370000
105    @aa z 000yy
200 1  @a西方后现代绘画@AXi Fang Hou Xian Dai Hui Hua@dThe postmodern painting of the West@f孔新苗编著@FKong Xin Miao Bian Zhu@zeng
210    @a济南@c山东美术出版社@d1997
215    @a104页@c图@d29cm
330    @a本书内容包括后现代主义、后现代艺术、后现代景观、后现代新意、后现代意象、后现代时髦、后现代口头禅、后现代“失语症”以及一些作品。
510 1  @aThe postmodern painting of the West@zeng
606 0  @a后现代主义@x绘画@x美术批评@y世界
690    @aJ209.1@v4
701  0 @a孔新苗@AKong Xin Miao@4编著
801  0 @aCN@bFYSX@c20070528
905    @a10447@dJ209.1@e466
    
    西方后现代绘画=The postmodern painting of the West/孔新苗编著.-济南:山东美术出版社,1997
    104页:图;29cm
    
    
    ISBN 7-5330-1041-8:CNY52.00
    本书内容包括后现代主义、后现代艺术、后现代景观、后现代新意、后现代意象、后现代时髦、后现代口头禅、后现代“失语症”以及一些作品。
●
相关链接 在E读中查询图书 在五车中查询图书 在当当中查询图书 在豆瓣中查询图书


正题名:西方后现代绘画     索取号:J209.1/466         预约/预借

序号 登录号 条形码 馆藏地/架位号 状态 备注
1 0509675   205096750   第一样本阅览室/ [索取号:J209.1/466] 在馆    
2 0509676   205096769   第一借阅区/ [索取号:J209.1/466] 在馆    
3 0509677   205096778   第一借阅区/ [索取号:J209.1/466] 在馆    
4 0509678   205096787   第一借阅区/ [索取号:J209.1/466] 在馆    
5 0509679   205096796   第一借阅区/ [索取号:J209.1/466] 在馆    
6 0509680   205096803   第一借阅区/ [索取号:J209.1/466] 在馆    
7 0509681   205096812   第一借阅区/ [索取号:J209.1/466] 在馆    
8 0509682   205096821   第一借阅区/ [索取号:J209.1/466] 在馆    
唐山师范学院图书馆 欢迎您!
大连网信软件有限公司© 版权所有